Normal view
MARC view
- Ludlum R. & Lynds G
Entry Personal Name
001 - CONTROL NUMBER
- control field: 187979
003 - CONTROL NUMBER IDENTIFIER
- control field: OSt
005 - DATE AND TIME OF LATEST TRANSACTION
- control field: 20230714210835.0
008 - FIXED-LENGTH DATA ELEMENTS
- fixed length control field: 230714|| aca||aabn | a|a d
040 ## - CATALOGING SOURCE
- Original cataloging agency: OSt
- Transcribing agency: OSt
100 ## - HEADING--PERSONAL NAME
- Personal name: Ludlum R. & Lynds G
670 ## - SOURCE DATA FOUND
- Source citation: Work cat.: (OSt)181110: Ludlum R. 114120, Roberts Ludlum's The Paris Option, 2002